Statistics for 「人民」共和国の国旗

Click here to take the quiz!

General Stats

  • This quiz has been taken 30 times
  • The average score is 15 of 35

Answer Stats

Answer% Correct
中華人民共和国
100%
ラオス人民民主共和国
96%
バングラデシュ人民共和国
96%
朝鮮民主主義人民共和国
96%
ユーゴスラビア連邦人民共和国
83%
アルジェリア民主人民共和国
78%
モンゴル人民共和国
74%
アルバニア社会主義人民共和国
74%
ポーランド人民共和国
70%
ルーマニア人民共和国
65%
ハンガリー人民共和国
65%
アンゴラ人民共和国
61%
ブルガリア人民共和国
57%
大リビア・アラブ社会主義人民ジャマーヒリーヤ国
57%
ウクライナ人民共和国
52%
モザンビーク人民共和国
43%
ドネツク人民共和国
43%
ルガンスク人民共和国
39%
エチオピア人民民主共和国
35%
ウクライナ人民共和国
35%
朝鮮人民共和国
30%
カンプチア人民共和国
30%
イエメン人民民主共和国
26%
トゥヴァ人民共和国
26%
ギニア人民革命共和国
22%
ベラルーシ人民共和国
17%
コンゴ人民共和国
13%
ザンジバル人民共和国
13%
ベナン人民共和国
9%
内モンゴル人民共和国
9%
ホラズム人民ソビエト共和国
4%
ブハラ人民ソビエト共和国
4%
クバーニ人民共和国
4%
クリミア人民共和国
4%
レムコ=ルシン人民共和国
0%

Score Distribution

Percentile by Number Answered

Percent of People with Each Score

Your Score History

You have not taken this quiz